| 000 | 00552nam a2200157 a 4500 | ||
|---|---|---|---|
| 001 | 000031675 | ||
| 005 | 20200930063109.0 | ||
| 008 | 110629s1981 dr c 000 0 spa d | ||
| 040 |
_aDO-SdBNP _bspa _cBNPHU |
||
| 082 |
_axxxx _bC194 |
||
| 111 | 2 |
_aCampeonato centroamericano y del Caribe de Boxeo Aficionado _n(12vo. : _d1981, 28 sep. - 4 oct. : _cSanto Domingo). _957963 |
|
| 245 | 1 | 0 | _aCampeonato Centroamericano y del Caribe de Boxeo Aficionado. |
| 260 |
_a[Santo Domingo : _bSEDEFIR, _c1981]. |
||
| 300 |
_a[28 p.] : _bretrs. ; _c21 cm. |
||
| 049 | _aBNPD | ||
| 999 |
_c31167 _d31167 |
||